Extreme Quiz About Iran - Statistics

General Stats
  • This quiz has been taken 24 times
  • The average score is 30 of 76
Answer Stats
Hint Answer % Correct
Colors of the flag Green
100%
Colors of the flag Red
100%
Capital Tehran
100%
Colors of the flag White
100%
Bordering countries Afghanistan
95%
Bordering countries Iraq
95%
Bordering countries Pakistan
89%
Bordering countries Turkey
89%
Bordering countries Turkmenistan
89%
Bordering countries Armenia
84%
Bordering countries Azerbaijan
84%
Five most populous cities other than the capital Isfahan
84%
Religion of Iran Islam
84%
What type of that religion? Shia
84%
The language of Iran Farsi
79%
Old name for Iran Persia
79%
Strait between Iran and Arabia Hormuz
74%
Five most populous cities other than the capital Mashhad
74%
Continent Iran is in Asia
68%
Iran has around __ million people 90
63%
Closest continent other than that one Europe
63%
Body of water bordering Arabia Persian Gulf
63%
Non-bordering country that speaks that language Tajikistan
63%
Rank of Iran in terms of area 18
58%
Closest non-bordering country Bahrain
58%
The emblem is same color as...top/bottom Bottom
58%
Five most populous cities other than the capital Shiraz
58%
Five most populous cities other than the capital Tabriz
53%
Form of mathematics Iranians invented Algebra
47%
Body of water bordering Russia Caspian Sea
47%
What Iranians call America: The great _____ Satan
47%
Country there starting with the same 2 letters Ireland
42%
And his role was... Shah
42%
What the emblem in the middle says Allah
37%
Iran is the number one producer of this spice Saffron
37%
Name of the Empire Iran was Achaemenid
32%
The role of the current leader Ayatollah
32%
Biggest Province Kerman
32%
Iran's biggest enemy United States
32%
What year was the Iranian revolution 1978
26%
Five most populous cities other than the capital Karaj
26%
Before that... Khomeini
26%
What is the currency of Iran Rial
26%
Smallest Province Alborz
21%
What Iranians say the shape of Iran looks like Cat
21%
Who the ruler of Iran is now Khamenei
21%
How do you say "no" in the Iranian language? Na
21%
Iran is said to be the _____ country in the world Oldest
21%
National sport Wrestling
21%
The opposite of I ran You Walked
21%
Kings of the Persian Empire Cyrus
16%
Kings of the Persian Empire Darius
16%
Before that... Mohammad R. Pahlavi
16%
Five most visited landmarks in Iran Persepolis
16%
Most popular sport Soccer
16%
Kings of the Persian Empire Xerxes
16%
Decoration that Iranians are famous for making Rugs
11%
Road that was used for trade back in the day Silk Road
11%
Another big mountain range in Iran: ______ _________ Zagros Mountains
11%
How do you say "bad" in the Iranian language? Bad
5%
Iran's national food Chelo Kebab
5%
Highest mountain in Iran Damavand
5%
Kitchen appliance Iranians invented Fridge
5%
Five most visited landmarks in Iran Imam Reza Holy Shrine
5%
Five most visited landmarks in Iran Naqshe Jahan
5%
10,000 of those is called... Toman
5%
Mountain range in Northern Iran: ______ __________ Alborz Mountains
0%
How do you say "yes" in the Iranian language? Are
0%
How do you say "how are you" in the Iranian language? Chetori
0%
How do you say "bye" in the Iranian language? Khoda Hafez
0%
How do you say "good" in the Iranian language? Khoob
0%
Pink lake in Iran Maharloo
0%
President of Iran Masoud Pezeshkian
0%
Five most visited landmarks in Iran Nasir al Mulk
0%
How do you say "hello" in the Iranian language? Salam
0%
Five most visited landmarks in Iran Tehran Grand Bazar
0%
No matching quizzes found
Score Distribution
Percent of People with Each Score
Percentile by Number Answered
Your Score History
You have not taken this quiz